[Event "Veracruz op 2nd"]
[Site "Xalapa"]
[Date "2024.04.28"]
[Round "6"]
[White "Rose, Felix"]
[Black "Hernandez Diaz, Paula Sofia"]
[Result "1-0"]
[WhiteElo "2091"]
[BlackElo "1951"]
[PlyCount "75"]
[EventDate "2024.04.25"]
[EventType "swiss"]
[EventRounds "6"]
[EventCountry "MEX"]
[SourceTitle "CB18_2024"]
[SourceDate "2024.05.01"]
[SourceVersion "1"]
[SourceVersionDate "2024.05.01"]
[SourceQuality "2"]

1. e4 c5 2. Nf3 d6 3. d4 cxd4 4. Nxd4 Nf6 5. Nc3 Nc6 6. Bg5 e6 7. Qd2 a6 8. 0-0-0 Bd7 9. Kb1 Be7 10. f3 b5 11. Nxc6 Bxc6 12. h4 b4 13. Ne2 a5 14. Nd4 Bd7 15. Nb5 0-0 16. Nxd6 Ra7 17. Be3 Ra8 18. g4 Bc6 19. g5 Nd7 20. Be2 Qb8 21. Bf4 Qa7 22. Bb5 Nb8 23. Qe3 Qxe3 24. Bxe3 Bxd6 25. Bxc6 Nxc6 26. Rxd6 Ne5 27. Rf1 Nc4 28. Rd3 Ne5 29. Rdd1 Nc4 30. Bc1 Rad8 31. b3 Nd6 32. Bb2 Nb5 33. Rd3 Ra8 34. h5 f6 35. gxf6 gxf6 36. Rg1+ Kh8 37. Rd7 Ra7 38. Bxf6+ 1-0

[Event "Wch U20 Girls Blitz"]
[Site "Pula"]
[Date "2023.10.15"]
[Round "9"]
[White "Hernandez Diaz, Paula Sofia"]
[Black "Djerroud, Chahrazed"]
[Result "1-0"]
[WhiteElo "1830"]
[BlackElo "1654"]
[PlyCount "70"]
[EventDate "2023.10.14"]
[EventType "swiss (blitz)"]
[EventRounds "11"]
[EventCountry "ITA"]
[SourceTitle "Mega2024 Update 01"]
[Source "Chessbase"]
[SourceDate "2023.11.12"]
[SourceVersion "1"]
[SourceVersionDate "2023.11.12"]
[SourceQuality "1"]

1. c4 e5 2. g3 Nf6 3. Bg2 g6 4. Nc3 Bg7 5. Rb1 0-0 6. Nf3 d6 7. 0-0 Nc6 8. b4 Be6 9. d3 Qd7 10. b5 Ne7 11. Ng5 Rab8 12. Nxe6 fxe6 13. a4 d5 14. c5 c6 15. Ba3 d4 16. Ne4 Nxe4 17. Bxe4 Nd5 18. Bb2 Rf7 19. Qb3 Rbf8 20. Bg2 Bh6 21. Ba3 Rxf2 22. Rxf2 Be3 23. Bf3 g5 24. h3 h5 25. Rbf1 g4 26. hxg4 hxg4 27. Bxg4 Qg7 28. Bxe6+ Kh8 29. Kg2 Nf4+ 30. Rxf4 Bxf4 31. Rh1+ Bh6 32. Bc1 Rf6 33. Bxh6 Rxh6 34. Rxh6+ Qh7 35. Rh5 Qh6 1-0

[Event "Wch U20 Girls Rapid"]
[Site "Pula"]
[Date "2023.10.12"]
[Round "9"]
[White "Hernandez Diaz, Paula Sofia"]
[Black "Nurgali, Nazerke"]
[Result "0-1"]
[WhiteElo "1830"]
[BlackElo "2222"]
[PlyCount "64"]
[EventDate "2023.10.10"]
[EventType "swiss (rapid)"]
[EventRounds "11"]
[EventCountry "ITA"]
[SourceTitle "Mega2024 Update 01"]
[Source "Chessbase"]
[SourceDate "2023.11.12"]
[SourceVersion "1"]
[SourceVersionDate "2023.11.12"]
[SourceQuality "1"]

1. c4 c5 2. g3 Nc6 3. Bg2 g6 4. d3 Bg7 5. Nc3 d6 6. Qd2 e5 7. b3 Nge7 8. Bb2 Be6 9. Nf3 h6 10. e3 Qd7 11. h4 0-0 12. h5 g5 13. Ng1 d5 14. cxd5 Nxd5 15. 0-0-0 Ncb4 16. Kb1 Nxc3+ 17. Qxc3 a5 18. Ne2 a4 19. Qxc5 Nxa2 20. Kxa2 Bxb3+ 21. Ka1 Rfc8 22. Qb4 Bxd1 23. Rxd1 Rc2 24. Rd2 Bf8 25. Qxb7 Qxb7 26. Bxb7 Rxd2 27. Bxa8 Rxe2 28. Bxe5 Rxf2 29. d4 f6 30. Bc7 Bb4 31. d5 Bc3+ 32. Kb1 a3 0-1

[Event "Wch U20 Girls Rapid"]
[Site "Pula"]
[Date "2023.10.11"]
[Round "7"]
[White "Hernandez Diaz, Paula Sofia"]
[Black "Miroshnik, Ekaterina"]
[Result "1-0"]
[WhiteElo "1830"]
[BlackElo "2181"]
[PlyCount "121"]
[EventDate "2023.10.10"]
[EventType "swiss (rapid)"]
[EventRounds "11"]
[EventCountry "ITA"]
[SourceTitle "Mega2024 Update 01"]
[Source "Chessbase"]
[SourceDate "2023.11.12"]
[SourceVersion "1"]
[SourceVersionDate "2023.11.12"]
[SourceQuality "1"]

1. c4 e6 2. Nf3 Nf6 3. d4 d5 4. g3 dxc4 5. Bg2 Bd7 6. Qc2 Bc6 7. Qxc4 Be7 8. 0-0 0-0 9. Rd1 Bd5 10. Qc2 Nc6 11. e3 Nb4 12. Qe2 Nxa2 13. Bd2 Nb4 14. Nc3 a6 15. Nxd5 exd5 16. Ne5 c6 17. h4 Re8 18. h5 h6 19. Bf3 a5 20. Kh1 Bd6 21. Nd3 Nc2 22. Bxa5 Rxa5 23. Qxc2 Rxa1 24. Rxa1 Qd7 25. Kg2 Ne4 26. Rh1 Qf5 27. Rh4 Kh8 28. Bg4 Qg5 29. f4 Qf6 30. Rh1 Kg8 31. Rf1 Qd8 32. Ne5 Bxe5 33. dxe5 Qb6 34. Re1 Ra8 35. Bf5 Nc5 36. Rc1 Nb3 37. Re1 d4 38. e6 Qb4 39. exf7+ Kf8 40. Re2 Rd8 41. Bd3 dxe3 42. Rxe3 Qd4 43. Re8+ Rxe8 44. fxe8Q+ Kxe8 45. Bg6+ Kd8 46. Qxb3 Qd2+ 47. Kh3 Qe1 48. Qg8+ Kc7 49. Qxg7+ Kb6 50. Qd4+ Ka6 51. Qd3+ b5 52. Be4 Kb6 53. Qd4+ Ka6 54. Qe5 Qc1 55. Qf6 Kb6 56. Qc3 Qf1+ 57. Bg2 Qd1 58. Qxc6+ Ka5 59. Qc3+ Kb6 60. Bf3 Qd7+ 61. g4 1-0

[Event "Wch U20 Girls 39th"]
[Site "Mexico City"]
[Date "2023.09.26"]
[Round "6"]
[White "Hernandez Diaz, Paula Sofia"]
[Black "Diaz Charpentier, Kristel Melissa"]
[Result "1-0"]
[WhiteElo "1796"]
[BlackElo "1951"]
[PlyCount "97"]
[EventDate "2023.09.21"]
[EventType "swiss"]
[EventRounds "11"]
[EventCountry "MEX"]
[SourceTitle "EXT 2024"]
[Source "ChessBase"]
[SourceDate "2023.10.10"]
[SourceVersion "1"]
[SourceVersionDate "2023.10.10"]
[SourceQuality "1"]

1. c4 c5 2. Nc3 Nc6 3. g3 g6 4. Bg2 Bg7 5. d3 e6 6. Nf3 Nge7 7. h4 h5 8. 0-0 0-0 9. Bg5 d5 10. cxd5 exd5 11. Rc1 Re8 12. Qd2 b6 13. Rfd1 Be6 14. a3 Qd7 15. Bf4 Nf5 16. Rb1 Nd6 17. Ng5 d4 18. Nce4 Nxe4 19. Nxe4 Bg4 20. Re1 Re6 21. b4 cxb4 22. axb4 Rae8 23. f3 Bf5 24. Ng5 R6e7 25. Rbc1 f6 26. Ne4 Bxe4 27. dxe4 a5 28. bxa5 Nxa5 29. Qb4 Qe6 30. Kh2 f5 31. Rb1 fxe4 32. fxe4 Nc4 33. Rec1 b5 34. Qc5 Ne5 35. Rxb5 Qg4 36. Re1 d3 37. exd3 Kh7 38. Qe3 Qd7 39. Rxe5 Bxe5 40. Bxe5 Rxe5 41. d4 Rb5 42. e5 Rb2 43. Kh1 Rf8 44. e6 Qb5 45. e7 Re8 46. Qe6 Rf2 47. Be4 Rf1+ 48. Kg2 Rxe1 49. Qxg6+ 1-0

[Event "Wch U20 Girls 39th"]
[Site "Mexico City"]
[Date "2023.09.22"]
[Round "3"]
[White "Aguilar Sanchez, Citlalli Genoveva"]
[Black "Hernandez Diaz, Paula Sofia"]
[Result "0-1"]
[WhiteElo "1520"]
[BlackElo "1796"]
[PlyCount "64"]
[EventDate "2023.09.21"]
[EventType "swiss"]
[EventRounds "11"]
[EventCountry "MEX"]
[SourceTitle "EXT 2024"]
[Source "ChessBase"]
[SourceDate "2023.10.10"]
[SourceVersion "1"]
[SourceVersionDate "2023.10.10"]
[SourceQuality "1"]

1. e4 c5 2. Nf3 d6 3. Bb5+ Bd7 4. Bxd7+ Qxd7 5. Nc3 g6 6. d3 Bg7 7. Be3 Nf6 8. e5 Ng4 9. exd6 Nxe3 10. fxe3 exd6 11. 0-0 0-0 12. d4 Qe8 13. Re1 Nc6 14. a3 Rd8 15. Qd3 a6 16. Rad1 b5 17. Qe2 Qe7 18. Nd5 Qb7 19. c4 Rfe8 20. Qd3 bxc4 21. Qxc4 Na5 22. Qa2 Nb3 23. dxc5 dxc5 24. Nc3 Rxd1 25. Nxd1 c4 26. Nc3 Qb6 27. Kf2 Bh6 28. Nd5 Qc6 29. Nb4 Qb7 30. Qb1 a5 31. Nc2 Nc5 32. Qc1 Nd3+ 0-1

[Event "Olympiad Women-44"]
[Site "Chennai"]
[Date "2022.08.06"]
[Round "8.4"]
[White "Sezdbekova, Aizhan"]
[Black "Hernandez Diaz, Paula Sofia"]
[Result "0-1"]
[WhiteElo "1615"]
[BlackElo "1751"]
[PlyCount "80"]
[EventDate "2022.07.29"]
[EventType "team-swiss"]
[EventRounds "11"]
[EventCountry "IND"]
[SourceTitle "CBM 210"]
[Source "ChessBase"]
[SourceDate "2022.10.31"]
[SourceVersion "1"]
[SourceVersionDate "2022.10.31"]
[SourceQuality "1"]
[WhiteTeam "Kyrgyzstan (W)"]
[BlackTeam "Mexico (W)"]
[WhiteTeamCountry "KGZ"]
[BlackTeamCountry "MEX"]

1. e4 c5 2. Nf3 Nc6 3. c3 d5 4. exd5 Qxd5 5. d4 Bf5 6. Be3 Nf6 7. Be2 e6 8. 0-0 Be7 9. Na3 0-0 10. Nc4 Rad8 11. Qb3 cxd4 12. Nxd4 b6 13. Rad1 Nxd4 14. Bxd4 Qa8 15. Rfe1 Be4 16. f3 Bf5 17. Ne3 Bg6 18. Bc4 Nd7 19. Ng4 Nc5 20. Bxc5 Bxc5+ 21. Kh1 Kh8 22. Ne5 Bf5 23. Nd7 Rg8 24. Qa4 Qc8 25. Ne5 Rgf8 26. Rxd8 Qxd8 27. Rd1 Qc7 28. f4 Bd6 29. Qb5 f6 30. Nf3 Bxf4 31. Rd7 Qc8 32. Nd4 a6 33. Qc6 Qxc6 34. Nxc6 e5 35. Re7 Be4 36. Nb4 Rd8 37. Bb3 a5 38. Na6 h5 39. Nc7 Rd2 40. Kg1 Bxg2 0-1

[Event "Olympiad Women-44"]
[Site "Chennai"]
[Date "2022.08.01"]
[Round "4.4"]
[White "Hernandez Diaz, Paula Sofia"]
[Black "Eizaguerri Floris, Maria"]
[Result "0-1"]
[WhiteElo "1751"]
[BlackElo "2176"]
[PlyCount "62"]
[EventDate "2022.07.29"]
[EventType "team-swiss"]
[EventRounds "11"]
[EventCountry "IND"]
[SourceTitle "CBM 210"]
[Source "ChessBase"]
[SourceDate "2022.10.31"]
[SourceVersion "1"]
[SourceVersionDate "2022.10.31"]
[SourceQuality "1"]
[WhiteTeam "Mexico (W)"]
[BlackTeam "Spain (W)"]
[WhiteTeamCountry "MEX"]
[BlackTeamCountry "ESP"]

1. Nf3 d5 2. g3 c6 3. Bg2 Bg4 4. c4 e6 5. cxd5 exd5 6. 0-0 Nd7 7. d3 Ngf6 8. Nc3 h6 9. Qc2 Be7 10. e4 Nb6 11. h3 Bh5 12. Nh4 dxe4 13. dxe4 Nfd7 14. Nf5 0-0 15. Nxe7+ Qxe7 16. f4 Bg6 17. b3 Rfe8 18. Bb2 Rad8 19. Rad1 Qc5+ 20. Kh2 Nd5 21. b4 Nxb4 22. Qb3 Nb6 23. Ba3 a5 24. Rb1 Rd4 25. Rfc1 Qd6 26. e5 Qd7 27. Ra1 c5 28. Bb2 Rd2 29. Rg1 Bc2 30. Qa3 Nc4 31. Qxa5 Nxa5 0-1

[Event "Olympiad Women-44"]
[Site "Chennai"]
[Date "2022.07.29"]
[Round "1.4"]
[White "Callender, Jessica"]
[Black "Hernandez Diaz, Paula Sofia"]
[Result "0-1"]
[WhiteElo "1295"]
[BlackElo "1751"]
[PlyCount "62"]
[EventDate "2022.07.29"]
[EventType "team-swiss"]
[EventRounds "11"]
[EventCountry "IND"]
[SourceTitle "CBM 210"]
[Source "ChessBase"]
[SourceDate "2022.10.31"]
[SourceVersion "1"]
[SourceVersionDate "2022.10.31"]
[SourceQuality "1"]
[WhiteTeam "Guyana (W)"]
[BlackTeam "Mexico (W)"]
[WhiteTeamCountry "GUY"]
[BlackTeamCountry "MEX"]

1. e4 c5 2. c4 Nc6 3. Nc3 e5 4. d3 g6 5. Nge2 Bg7 6. Bd2 Nge7 7. a3 a5 8. g3 0-0 9. Bg2 d6 10. h3 Rb8 11. Rb1 Be6 12. f4 f5 13. Nd5 b5 14. Qc2 fxe4 15. Bxe4 Kh8 16. 0-0 Bxh3 17. Rf2 Nf5 18. Bxf5 Bxf5 19. Rh2 exf4 20. Bxf4 Ne5 21. Bxe5 Bxe5 22. Kg2 Qg5 23. Qc1 Qxc1 24. Rxc1 Bxd3 25. Nef4 bxc4 26. Nxg6+ Bxg6 27. Nf4 Rxb2+ 28. Kg1 Bd4+ 29. Kh1 Be4+ 30. Ng2 Rff2 31. Re1 Bxg2+ 0-1

[Event "FIDE World Cup Mexico Qual (Women)"]
[Site "Mexico City"]
[Date "2021.05.29"]
[Round "6"]
[White "Carrillo Aguayo, Bertha Hiromi"]
[Black "Hernandez Diaz, Paula Sofia"]
[Result "1-0"]
[WhiteElo "1644"]
[BlackElo "1440"]
[PlyCount "139"]
[EventDate "2021.05.26"]
[EventType "swiss"]
[EventRounds "9"]
[EventCountry "MEX"]
[SourceTitle "CBM 202 Extra"]
[Source "ChessBase"]
[SourceDate "2021.07.31"]
[SourceVersion "1"]
[SourceVersionDate "2021.07.31"]
[SourceQuality "1"]

1. c4 e5 2. Nc3 g6 3. g3 Bg7 4. Bg2 Ne7 5. d3 d6 6. Nf3 0-0 7. 0-0 c5 8. Rb1 Nbc6 9. a3 a5 10. Ne1 Be6 11. Nc2 d5 12. cxd5 Nxd5 13. Ne3 Nde7 14. Nc4 Rc8 15. b3 Rc7 16. Be3 Nd4 17. Nxa5 Nd5 18. Bxd4 cxd4 19. Nxd5 Bxd5 20. Bxd5 Qxd5 21. Nc4 b5 22. Nd2 Rfc8 23. a4 Rc2 24. axb5 R2c5 25. b6 Rb5 26. Nc4 Bf8 27. b4 e4 28. Qd2 h5 29. Rb2 h4 30. f3 e3 31. Qe1 Bg7 32. gxh4 Rxc4 33. dxc4 Qxc4 34. Qc1 Qe6 35. Rb1 Be5 36. Qe1 Bf4 37. Kg2 Qxb6 38. Rh1 Rh5 39. Rc1 Qd8 40. Rc5 Rxh4 41. Rc8 Qxc8 42. Qxh4 Be5 43. Qe4 Bf6 44. h4 Qd8 45. h5 Bg7 46. hxg6 Qg5+ 47. Qg4 Qxg6 48. Qxg6 fxg6 49. b5 Bf8 50. b6 Bd6 51. b7 Kg7 52. Rc1 Kf7 53. Rc8 Ke6 54. b8Q Bxb8 55. Rxb8 Kd5 56. Rg8 Kc4 57. Rxg6 Kc3 58. Rd6 Kd2 59. Kf1 Kc3 60. f4 Kc4 61. f5 Kc5 62. Rd8 Kc4 63. f6 Kc3 64. f7 Kc2 65. Rxd4 Kc3 66. Rd7 Kc4 67. f8Q Kb5 68. Rc7 Kb6 69. Qb8+ Ka6 70. Ra7# 1-0

[Event "FIDE World Cup Mexico Qual (Women)"]
[Site "Mexico City"]
[Date "2021.05.28"]
[Round "4"]
[White "Saidy Ayala, Daraima Diana"]
[Black "Hernandez Diaz, Paula Sofia"]
[Result "0-1"]
[WhiteElo "1505"]
[BlackElo "1440"]
[PlyCount "68"]
[EventDate "2021.05.26"]
[EventType "swiss"]
[EventRounds "9"]
[EventCountry "MEX"]
[SourceTitle "CBM 202 Extra"]
[Source "ChessBase"]
[SourceDate "2021.07.31"]
[SourceVersion "1"]
[SourceVersionDate "2021.07.31"]
[SourceQuality "1"]

1. e4 c5 2. f4 e6 3. Nf3 Nc6 4. Bb5 Nge7 5. Nc3 g6 6. h4 h5 7. Qe2 a6 8. Bxc6 Nxc6 9. d3 Be7 10. g3 d6 11. Ng5 Nd4 12. Qf2 b5 13. Nf3 Nc6 14. b3 Bd7 15. Bb2 Rg8 16. Nd1 Qc7 17. Ng5 f6 18. Nf3 0-0-0 19. a4 b4 20. Ne3 Rge8 21. 0-0-0 Kb7 22. g4 hxg4 23. Nxg4 d5 24. e5 d4 25. h5 gxh5 26. Rxh5 Rg8 27. Nh6 Rg7 28. Rg1 Rxg1+ 29. Qxg1 Be8 30. Rh3 fxe5 31. f5 e4 32. Nd2 e3 33. Ne4 Qf4 34. Qg3 Qf1+ 0-1